<?xml version="1.0" encoding="UTF-8"?>
<record
    xmlns:xsi="http://www.w3.org/2001/XMLSchema-instance"
    xsi:schemaLocation="http://www.loc.gov/MARC21/slim http://www.loc.gov/standards/marcxml/schema/MARC21slim.xsd"
    xmlns="http://www.loc.gov/MARC21/slim">

  <leader>00487nam a2200181   4500</leader>
  <controlfield tag="003">SEACOMEC</controlfield>
  <controlfield tag="005">20250403132856.0</controlfield>
  <controlfield tag="008">240827b        |||||||| |||| 00| 0 eng d</controlfield>
  <datafield tag="020" ind1=" " ind2=" ">
    <subfield code="a">978-8131711347</subfield>
    <subfield code="c">385.00</subfield>
  </datafield>
  <datafield tag="040" ind1=" " ind2=" ">
    <subfield code="a">SEACOMEC</subfield>
  </datafield>
  <datafield tag="082" ind1=" " ind2=" ">
    <subfield code="a">006.3</subfield>
    <subfield code="b">B824</subfield>
  </datafield>
  <datafield tag="100" ind1=" " ind2=" ">
    <subfield code="a"> Bratko, Ivan</subfield>
  </datafield>
  <datafield tag="245" ind1=" " ind2=" ">
    <subfield code="a">PROLOG: PROGRAMMING FOR ARTIFICIAL INTELLIGENCE / </subfield>
    <subfield code="c">  Ivan Bratko</subfield>
  </datafield>
  <datafield tag="250" ind1=" " ind2=" ">
    <subfield code="a">3rd ed</subfield>
  </datafield>
  <datafield tag="260" ind1=" " ind2=" ">
    <subfield code="a"> Delhi </subfield>
    <subfield code="b">Pearson Education India</subfield>
    <subfield code="c">2001</subfield>
  </datafield>
  <datafield tag="300" ind1=" " ind2=" ">
    <subfield code="a">xxi, 678 p.</subfield>
  </datafield>
  <datafield tag="942" ind1=" " ind2=" ">
    <subfield code="c">BOOK</subfield>
  </datafield>
  <datafield tag="952" ind1=" " ind2=" ">
    <subfield code="0">0</subfield>
    <subfield code="1">0</subfield>
    <subfield code="2">ddc</subfield>
    <subfield code="4">0</subfield>
    <subfield code="7">0</subfield>
    <subfield code="a">SEACOMEC</subfield>
    <subfield code="b">SEACOMEC</subfield>
    <subfield code="d">2007-07-24</subfield>
    <subfield code="l">0</subfield>
    <subfield code="o">006.3 B824</subfield>
    <subfield code="p">7672</subfield>
    <subfield code="r">2024-08-27 13:04:42</subfield>
    <subfield code="w">2024-08-27</subfield>
    <subfield code="y">REF</subfield>
  </datafield>
  <datafield tag="952" ind1=" " ind2=" ">
    <subfield code="0">0</subfield>
    <subfield code="1">0</subfield>
    <subfield code="2">ddc</subfield>
    <subfield code="4">0</subfield>
    <subfield code="7">0</subfield>
    <subfield code="a">SEACOMEC</subfield>
    <subfield code="b">SEACOMEC</subfield>
    <subfield code="d">2007-07-24</subfield>
    <subfield code="l">0</subfield>
    <subfield code="o">006.3 B824</subfield>
    <subfield code="p">7673</subfield>
    <subfield code="r">2024-08-27 13:04:42</subfield>
    <subfield code="t">1</subfield>
    <subfield code="w">2024-08-27</subfield>
    <subfield code="y">BOOK</subfield>
  </datafield>
  <datafield tag="952" ind1=" " ind2=" ">
    <subfield code="0">0</subfield>
    <subfield code="1">0</subfield>
    <subfield code="2">ddc</subfield>
    <subfield code="4">0</subfield>
    <subfield code="7">0</subfield>
    <subfield code="a">SEACOMEC</subfield>
    <subfield code="b">SEACOMEC</subfield>
    <subfield code="d">2007-07-24</subfield>
    <subfield code="l">0</subfield>
    <subfield code="o">006.3 B824</subfield>
    <subfield code="p">7674</subfield>
    <subfield code="r">2024-08-27 13:04:42</subfield>
    <subfield code="t">2</subfield>
    <subfield code="w">2024-08-27</subfield>
    <subfield code="y">BOOK</subfield>
  </datafield>
  <datafield tag="952" ind1=" " ind2=" ">
    <subfield code="0">0</subfield>
    <subfield code="1">0</subfield>
    <subfield code="2">ddc</subfield>
    <subfield code="4">0</subfield>
    <subfield code="7">0</subfield>
    <subfield code="a">SEACOMEC</subfield>
    <subfield code="b">SEACOMEC</subfield>
    <subfield code="d">2007-07-24</subfield>
    <subfield code="l">0</subfield>
    <subfield code="o">006.3 B824</subfield>
    <subfield code="p">7675</subfield>
    <subfield code="r">2024-08-27 13:04:42</subfield>
    <subfield code="t">3</subfield>
    <subfield code="w">2024-08-27</subfield>
    <subfield code="y">BOOK</subfield>
  </datafield>
  <datafield tag="952" ind1=" " ind2=" ">
    <subfield code="0">0</subfield>
    <subfield code="1">0</subfield>
    <subfield code="2">ddc</subfield>
    <subfield code="4">0</subfield>
    <subfield code="7">0</subfield>
    <subfield code="a">SEACOMEC</subfield>
    <subfield code="b">SEACOMEC</subfield>
    <subfield code="d">2007-07-24</subfield>
    <subfield code="l">0</subfield>
    <subfield code="o">006.3 B824</subfield>
    <subfield code="p">7676</subfield>
    <subfield code="r">2024-08-27 13:04:42</subfield>
    <subfield code="t">4</subfield>
    <subfield code="w">2024-08-27</subfield>
    <subfield code="y">BOOK</subfield>
  </datafield>
  <datafield tag="952" ind1=" " ind2=" ">
    <subfield code="0">0</subfield>
    <subfield code="1">0</subfield>
    <subfield code="2">ddc</subfield>
    <subfield code="4">0</subfield>
    <subfield code="7">0</subfield>
    <subfield code="a">SEACOMEC</subfield>
    <subfield code="b">SEACOMEC</subfield>
    <subfield code="d">2008-04-03</subfield>
    <subfield code="l">0</subfield>
    <subfield code="o">006.3 B824</subfield>
    <subfield code="p">10645</subfield>
    <subfield code="r">2024-12-02 12:54:30</subfield>
    <subfield code="t">5</subfield>
    <subfield code="w">2024-12-02</subfield>
    <subfield code="y">BOOK</subfield>
  </datafield>
  <datafield tag="952" ind1=" " ind2=" ">
    <subfield code="0">0</subfield>
    <subfield code="1">0</subfield>
    <subfield code="2">ddc</subfield>
    <subfield code="4">0</subfield>
    <subfield code="7">0</subfield>
    <subfield code="a">SEACOMEC</subfield>
    <subfield code="b">SEACOMEC</subfield>
    <subfield code="d">2008-04-03</subfield>
    <subfield code="l">0</subfield>
    <subfield code="o">006.3 B824</subfield>
    <subfield code="p">10646</subfield>
    <subfield code="r">2024-12-02 12:54:30</subfield>
    <subfield code="t">6</subfield>
    <subfield code="w">2024-12-02</subfield>
    <subfield code="y">BOOK</subfield>
  </datafield>
  <datafield tag="952" ind1=" " ind2=" ">
    <subfield code="0">0</subfield>
    <subfield code="1">0</subfield>
    <subfield code="2">ddc</subfield>
    <subfield code="4">0</subfield>
    <subfield code="7">0</subfield>
    <subfield code="a">SEACOMEC</subfield>
    <subfield code="b">SEACOMEC</subfield>
    <subfield code="d">2008-04-03</subfield>
    <subfield code="l">0</subfield>
    <subfield code="o">006.3 B824</subfield>
    <subfield code="p">10647</subfield>
    <subfield code="r">2024-12-02 12:54:30</subfield>
    <subfield code="t">7</subfield>
    <subfield code="w">2024-12-02</subfield>
    <subfield code="y">BOOK</subfield>
  </datafield>
  <datafield tag="952" ind1=" " ind2=" ">
    <subfield code="0">0</subfield>
    <subfield code="1">0</subfield>
    <subfield code="2">ddc</subfield>
    <subfield code="4">0</subfield>
    <subfield code="7">0</subfield>
    <subfield code="a">SEACOMEC</subfield>
    <subfield code="b">SEACOMEC</subfield>
    <subfield code="d">2008-04-03</subfield>
    <subfield code="l">0</subfield>
    <subfield code="o">006.3 B824</subfield>
    <subfield code="p">10648</subfield>
    <subfield code="r">2024-12-02 12:54:30</subfield>
    <subfield code="t">8</subfield>
    <subfield code="w">2024-12-02</subfield>
    <subfield code="y">BOOK</subfield>
  </datafield>
  <datafield tag="952" ind1=" " ind2=" ">
    <subfield code="0">0</subfield>
    <subfield code="1">0</subfield>
    <subfield code="2">ddc</subfield>
    <subfield code="4">0</subfield>
    <subfield code="7">0</subfield>
    <subfield code="a">SEACOMEC</subfield>
    <subfield code="b">SEACOMEC</subfield>
    <subfield code="d">2008-04-03</subfield>
    <subfield code="l">0</subfield>
    <subfield code="o">006.3 B824</subfield>
    <subfield code="p">10649</subfield>
    <subfield code="r">2024-12-02 12:54:30</subfield>
    <subfield code="t">9</subfield>
    <subfield code="w">2024-12-02</subfield>
    <subfield code="y">BOOK</subfield>
  </datafield>
  <datafield tag="952" ind1=" " ind2=" ">
    <subfield code="0">0</subfield>
    <subfield code="1">0</subfield>
    <subfield code="2">ddc</subfield>
    <subfield code="4">0</subfield>
    <subfield code="7">0</subfield>
    <subfield code="a">SEACOMEC</subfield>
    <subfield code="b">SEACOMEC</subfield>
    <subfield code="d">2008-04-03</subfield>
    <subfield code="l">0</subfield>
    <subfield code="o">006.3 B824</subfield>
    <subfield code="p">10650</subfield>
    <subfield code="r">2024-12-02 12:55:03</subfield>
    <subfield code="t">10</subfield>
    <subfield code="w">2024-12-02</subfield>
    <subfield code="y">BOOK</subfield>
  </datafield>
  <datafield tag="952" ind1=" " ind2=" ">
    <subfield code="0">0</subfield>
    <subfield code="1">0</subfield>
    <subfield code="2">ddc</subfield>
    <subfield code="4">0</subfield>
    <subfield code="7">0</subfield>
    <subfield code="a">SEACOMEC</subfield>
    <subfield code="b">SEACOMEC</subfield>
    <subfield code="d">2009-10-10</subfield>
    <subfield code="l">0</subfield>
    <subfield code="o">006.3 B824</subfield>
    <subfield code="p">15369</subfield>
    <subfield code="r">2025-04-03 13:30:06</subfield>
    <subfield code="t">11</subfield>
    <subfield code="w">2025-04-03</subfield>
    <subfield code="y">BOOK</subfield>
  </datafield>
  <datafield tag="952" ind1=" " ind2=" ">
    <subfield code="0">0</subfield>
    <subfield code="1">0</subfield>
    <subfield code="2">ddc</subfield>
    <subfield code="4">0</subfield>
    <subfield code="7">0</subfield>
    <subfield code="a">SEACOMEC</subfield>
    <subfield code="b">SEACOMEC</subfield>
    <subfield code="d">2009-10-10</subfield>
    <subfield code="l">0</subfield>
    <subfield code="o">006.3 B824</subfield>
    <subfield code="p">15370</subfield>
    <subfield code="r">2025-04-03 13:30:06</subfield>
    <subfield code="t">12</subfield>
    <subfield code="w">2025-04-03</subfield>
    <subfield code="y">BOOK</subfield>
  </datafield>
  <datafield tag="952" ind1=" " ind2=" ">
    <subfield code="0">0</subfield>
    <subfield code="1">0</subfield>
    <subfield code="2">ddc</subfield>
    <subfield code="4">0</subfield>
    <subfield code="7">0</subfield>
    <subfield code="a">SEACOMEC</subfield>
    <subfield code="b">SEACOMEC</subfield>
    <subfield code="d">2009-10-10</subfield>
    <subfield code="l">0</subfield>
    <subfield code="o">006.3 B824</subfield>
    <subfield code="p">15371</subfield>
    <subfield code="r">2025-04-03 13:30:06</subfield>
    <subfield code="t">13</subfield>
    <subfield code="w">2025-04-03</subfield>
    <subfield code="y">BOOK</subfield>
  </datafield>
  <datafield tag="952" ind1=" " ind2=" ">
    <subfield code="0">0</subfield>
    <subfield code="1">0</subfield>
    <subfield code="2">ddc</subfield>
    <subfield code="4">0</subfield>
    <subfield code="7">0</subfield>
    <subfield code="a">SEACOMEC</subfield>
    <subfield code="b">SEACOMEC</subfield>
    <subfield code="d">2009-10-10</subfield>
    <subfield code="l">0</subfield>
    <subfield code="o">006.3 B824</subfield>
    <subfield code="p">15372</subfield>
    <subfield code="r">2025-04-03 13:30:06</subfield>
    <subfield code="t">14</subfield>
    <subfield code="w">2025-04-03</subfield>
    <subfield code="y">BOOK</subfield>
  </datafield>
  <datafield tag="952" ind1=" " ind2=" ">
    <subfield code="0">0</subfield>
    <subfield code="1">0</subfield>
    <subfield code="2">ddc</subfield>
    <subfield code="4">0</subfield>
    <subfield code="7">0</subfield>
    <subfield code="a">SEACOMEC</subfield>
    <subfield code="b">SEACOMEC</subfield>
    <subfield code="d">2009-10-10</subfield>
    <subfield code="l">0</subfield>
    <subfield code="o">006.3 B824</subfield>
    <subfield code="p">15373</subfield>
    <subfield code="r">2025-04-03 13:30:06</subfield>
    <subfield code="t">15</subfield>
    <subfield code="w">2025-04-03</subfield>
    <subfield code="y">BOOK</subfield>
  </datafield>
  <datafield tag="952" ind1=" " ind2=" ">
    <subfield code="0">0</subfield>
    <subfield code="1">0</subfield>
    <subfield code="2">ddc</subfield>
    <subfield code="4">0</subfield>
    <subfield code="7">0</subfield>
    <subfield code="a">SEACOMEC</subfield>
    <subfield code="b">SEACOMEC</subfield>
    <subfield code="d">2009-10-10</subfield>
    <subfield code="l">0</subfield>
    <subfield code="o">006.3 B824</subfield>
    <subfield code="p">15374</subfield>
    <subfield code="r">2025-04-03 13:30:06</subfield>
    <subfield code="t">16</subfield>
    <subfield code="w">2025-04-03</subfield>
    <subfield code="y">BOOK</subfield>
  </datafield>
  <datafield tag="952" ind1=" " ind2=" ">
    <subfield code="0">0</subfield>
    <subfield code="1">0</subfield>
    <subfield code="2">ddc</subfield>
    <subfield code="4">0</subfield>
    <subfield code="7">0</subfield>
    <subfield code="a">SEACOMEC</subfield>
    <subfield code="b">SEACOMEC</subfield>
    <subfield code="d">2009-10-10</subfield>
    <subfield code="l">0</subfield>
    <subfield code="o">006.3 B824</subfield>
    <subfield code="p">15375</subfield>
    <subfield code="r">2025-04-03 13:30:06</subfield>
    <subfield code="t">17</subfield>
    <subfield code="w">2025-04-03</subfield>
    <subfield code="y">BOOK</subfield>
  </datafield>
  <datafield tag="952" ind1=" " ind2=" ">
    <subfield code="0">0</subfield>
    <subfield code="1">0</subfield>
    <subfield code="2">ddc</subfield>
    <subfield code="4">0</subfield>
    <subfield code="7">0</subfield>
    <subfield code="a">SEACOMEC</subfield>
    <subfield code="b">SEACOMEC</subfield>
    <subfield code="d">2009-10-10</subfield>
    <subfield code="l">0</subfield>
    <subfield code="o">006.3 B824</subfield>
    <subfield code="p">15376</subfield>
    <subfield code="r">2025-04-03 13:30:06</subfield>
    <subfield code="t">18</subfield>
    <subfield code="w">2025-04-03</subfield>
    <subfield code="y">BOOK</subfield>
  </datafield>
  <datafield tag="952" ind1=" " ind2=" ">
    <subfield code="0">0</subfield>
    <subfield code="1">0</subfield>
    <subfield code="2">ddc</subfield>
    <subfield code="4">0</subfield>
    <subfield code="7">0</subfield>
    <subfield code="a">SEACOMEC</subfield>
    <subfield code="b">SEACOMEC</subfield>
    <subfield code="d">2009-10-10</subfield>
    <subfield code="l">0</subfield>
    <subfield code="o">006.3 B824</subfield>
    <subfield code="p">15377</subfield>
    <subfield code="r">2025-04-03 13:30:06</subfield>
    <subfield code="t">19</subfield>
    <subfield code="w">2025-04-03</subfield>
    <subfield code="y">BOOK</subfield>
  </datafield>
  <datafield tag="999" ind1=" " ind2=" ">
    <subfield code="c">1646</subfield>
    <subfield code="d">1646</subfield>
  </datafield>
</record>
